MARC details
| 000 -LEADER |
| fixed length control field |
02635cam a2200481 a 4500 |
| 001 - CONTROL NUMBER |
| control field |
14619228 |
| 005 - DATE AND TIME OF LATEST TRANSACTION |
| control field |
20070905101948.0 |
| 008 - FIXED-LENGTH DATA ELEMENTS--GENERAL INFORMATION |
| fixed length control field |
061101s2007 enk | b 001 0 eng d |
| 010 ## - LIBRARY OF CONGRESS CONTROL NUMBER |
| LC control number |
2006036485 |
| 015 ## - NATIONAL BIBLIOGRAPHY NUMBER |
| National bibliography number |
GBA689866 |
| Source |
bnb |
| 016 7# - NATIONAL BIBLIOGRAPHIC AGENCY CONTROL NUMBER |
| Record control number |
013583927 |
| Source |
Uk |
| 020 ## - INTERNATIONAL STANDARD BOOK NUMBER |
| International Standard Book Number |
9780521838979 (hardback : alk. paper) |
| 020 ## - INTERNATIONAL STANDARD BOOK NUMBER |
| International Standard Book Number |
0521838975 (hardback : alk. paper) |
| 020 ## - INTERNATIONAL STANDARD BOOK NUMBER |
| International Standard Book Number |
9780521547673 (pbk. : alk. paper) |
| 020 ## - INTERNATIONAL STANDARD BOOK NUMBER |
| International Standard Book Number |
0521547679 (pbk. : alk. paper) |
| 035 ## - SYSTEM CONTROL NUMBER |
| System control number |
(OCoLC)ocm76140973 |
| 040 ## - CATALOGING SOURCE |
| Original cataloging agency |
DLC |
| Transcribing agency |
DLC |
| Modifying agency |
BAKER |
| -- |
BWKUK |
| -- |
BTCTA |
| -- |
YDXCP |
| -- |
UKM |
| -- |
DLC |
| 050 00 - LIBRARY OF CONGRESS CALL NUMBER |
| Classification number |
JZ6374 |
| Item number |
.U553 2007 |
| 082 00 - DEWEY DECIMAL CLASSIFICATION NUMBER |
| Classification number |
341.584 |
| Edition number |
22 |
| Item number |
UNI |
| 245 00 - TITLE STATEMENT |
| Title |
United Nations Interventionism, 1991-2004 / |
| Statement of responsibility, etc |
edited by Mats Berdal and Spyros Economides. |
| 250 ## - EDITION STATEMENT |
| Edition statement |
[Rev. and updated ed.]. |
| 260 ## - PUBLICATION, DISTRIBUTION, ETC. (IMPRINT) |
| Place of publication, distribution, etc |
Cambridge, UK : |
| Name of publisher, distributor, etc |
Cambridge University Press, |
| Date of publication, distribution, etc |
2007. |
| 300 ## - PHYSICAL DESCRIPTION |
| Extent |
xi, 303 p. ; |
| Dimensions |
24 cm. |
| 490 ## - Series Statement |
| Series statement |
LSE monographs in international studies |
| -- |
15737 |
| 500 ## - GENERAL NOTE |
| General note |
Originally published: The new interventionism, 1991-1994 / edited by James Mayall, 1996. |
| 504 ## - BIBLIOGRAPHY, ETC. NOTE |
| Bibliography, etc |
Includes bibliographical references (p. 274-293) and index. |
| 505 0# - FORMATTED CONTENTS NOTE |
| Formatted contents note |
Introduction / James Mayall -- Cambodia / Mats Berdal and Michael Leifer -- Former Yugoslavia / Spyros Economides and Paul Taylor -- Somalia / Ioan Lewis and James Mayall -- Rwanda / Bruce D. Jones -- Haiti / David M. Malone and Sebastian von Einsiedel -- East Timor / Simon Chesterman -- Kosovo / Spyros Economides -- Sierra Leone / Adekeye Adebajo and David Keen. |
| 541 ## - IMMEDIATE SOURCE OF ACQUISITION NOTE |
| Source of acquisition |
Bacca ; |
| 610 20 - SUBJECT ADDED ENTRY--CORPORATE NAME |
| Corporate name or jurisdiction name as entry element |
United Nations. |
| 9 (RLIN) |
15738 |
| 650 #0 - SUBJECT ADDED ENTRY--TOPICAL TERM |
| Topical term or geographic name as entry element |
Peacekeeping forces |
| Form subdivision |
Case studies. |
| 9 (RLIN) |
15739 |
| 650 #0 - SUBJECT ADDED ENTRY--TOPICAL TERM |
| Topical term or geographic name as entry element |
Diplomatic negotiations in international disputes |
| Form subdivision |
Case studies. |
| 9 (RLIN) |
15740 |
| 650 #0 - SUBJECT ADDED ENTRY--TOPICAL TERM |
| Topical term or geographic name as entry element |
Intervention (International law) |
| 9 (RLIN) |
15741 |
| 650 #0 - SUBJECT ADDED ENTRY--TOPICAL TERM |
| Topical term or geographic name as entry element |
World politics |
| Chronological subdivision |
1989- |
| 9 (RLIN) |
15742 |
| 700 1# - ADDED ENTRY--PERSONAL NAME |
| Personal name |
Berdal, Mats R., |
| Dates associated with a name |
1965- |
| 9 (RLIN) |
15743 |
| 700 1# - ADDED ENTRY--PERSONAL NAME |
| Personal name |
Economides, Spyros. |
| 9 (RLIN) |
15744 |
| 730 0# - ADDED ENTRY--UNIFORM TITLE |
| Uniform title |
New interventionism, 1991-1994. |
| 9 (RLIN) |
15745 |
| 856 41 - ELECTRONIC LOCATION AND ACCESS |
| Materials specified |
Table of contents only |
| Uniform Resource Identifier |
<a href="http://www.loc.gov/catdir/toc/ecip074/2006036485.html">http://www.loc.gov/catdir/toc/ecip074/2006036485.html</a> |
| 856 42 - ELECTRONIC LOCATION AND ACCESS |
| Materials specified |
Publisher description |
| Uniform Resource Identifier |
<a href="http://www.loc.gov/catdir/enhancements/fy0703/2006036485-d.html">http://www.loc.gov/catdir/enhancements/fy0703/2006036485-d.html</a> |
| 856 42 - ELECTRONIC LOCATION AND ACCESS |
| Materials specified |
Contributor biographical information |
| Uniform Resource Identifier |
<a href="http://www.loc.gov/catdir/enhancements/fy0729/2006036485-b.html">http://www.loc.gov/catdir/enhancements/fy0729/2006036485-b.html</a> |
| 942 ## - ADDED ENTRY ELEMENTS (KOHA) |
| Source of classification or shelving scheme |
Dewey Decimal Classification |
| Item type |
Book - Borrowing |